000 00575nam a2200217 a 4500
008
020 _a1416025308 (pbk.)
049 _aMAIN
090 _aRA651
_bGOR
100 1 _aGordis, Leon.
245 1 0 _aEpidemiology /
_cLeon Gordis.
250 _a3rd ed. ,updated ed.
260 _aPhiladelphia :
_bElsevier,
_c2004.
300 _axi, 335 p. :
_bill. ;
_c25 cm.
650 1 _aEpidemiology.
907 _a.b10274613
_b24-09-15
_c03-03-10
003
005 20230120204027.0
040 _cNUST
942 _cBOOKS
_kRA651
_mGOR
999 _c115800
_d115800